A century of excavation in Palestine /

محفوظ في:

المؤلف الرئيسي: Macalister, Robert Alexander Stewart, 1870-1950 (مؤلف)

التنسيق: كتاب

اللغة: English

منشور في: London : The Religious tract society, [1930]

الطبعة: Second edition.

الموضوعات:

الوسوم: إضافة وسم

لا توجد وسوم, كن أول من يضع وسما على هذه التسجيلة!

رقم الطلب: DS111 .M3 1930

LEADER 00926nam a2200229Ia 4500
008 130303s1930 enkbef g b 000 0 eng d
043 |a awab---  |a awjz--- 
050 0 4 |a DS111  |b .M3 1930 
100 1 |a Macalister, Robert Alexander Stewart,  |d 1870-1950,  |e author. 
245 1 2 |a A century of excavation in Palestine /  |c by Robert Alexander Stewart Macalister. 
250 |a Second edition. 
264 1 |a London :  |b The Religious tract society,  |c [1930] 
300 |a 335 pages :  |b map, plates, plan ;  |c 22 cm 
336 |a text  |b txt  |2 rdacontent 
337 |a unmediated  |b n  |2 rdamedia 
338 |a volume  |b nc  |2 rdacarrier 
504 |a "A short bibliography": pages 327-328. 
650 0 |a Excavations (Archaeology)  |z Palestine. 
651 0 |a Palestine  |x Antiquities. 
942 |c BK 
952 |0 0  |1 0  |2 lcc  |4 0  |6 DS0111 M3 01930  |7 1  |9 31571  |a ARCE  |b ARCE  |d 2022-01-25  |l 0  |o DS111 .M3 1930  |p 1014217  |r 2022-01-25 00:00:00  |w 2022-01-25  |y BK 
999 |c 31303  |d 31303